| 000 | 00373nam a2200121Ia 4500 | ||
|---|---|---|---|
| 008 | 220901s9999||||xx |||||||||||||| ||und|| | ||
| 082 | _a621.384 15 INT | ||
| 100 | _aWorld Scientific | ||
| 245 | 0 | _aInternational journal of wireless and optical communications | |
| 250 | _aVol. 4 Issue No. 2 & 3 | ||
| 260 |
_bWorld Scientific _c2017 |
||
| 650 | _aOptical fiper communication | ||
| 999 |
_c193662 _d193662 |
||